[Event "FRA-ch U10 Girls"]
[Site "Hyeres"]
[Date "2002.??.??"]
[Round "1.3"]
[White "Mallet, Berenice"]
[Black "Dubois, Megane"]
[Result "1-0"]
[WhiteElo "1510"]
[BlackElo "1140"]
[PlyCount "51"]
[EventDate "2002.04.05"]
[EventType "swiss"]
[EventRounds "9"]
[EventCountry "FRA"]
[SourceTitle "EXT 2003"]
[Source "ChessBase"]
[SourceDate "2002.11.25"]
[SourceVersion "1"]
[SourceVersionDate "2002.11.25"]
[SourceQuality "1"]

1. e4 e6 2. d3 d5 3. Nd2 c5 4. Ngf3 Nc6 5. g3 Nge7 6. Bg2 g6 7. 0-0 Bg7 8. Re1 0-0 9. e5 Nxe5 10. Nxe5 Bxe5 11. Rxe5 Nc6 12. Re1 e5 13. h4 e4 14. dxe4 dxe4 15. Rxe4 Bf5 16. Rc4 Bc8 17. g4 Qxh4 18. Nf1 f5 19. Nh2 fxg4 20. Nxg4 Bxg4 21. Rxg4 Qxf2+ 22. Kh2 Rae8 23. Qd5+ Kg7 24. Qd7+ Kg8 25. Bh6 Re2 26. Qg7# 1-0